CEM Tool : Hướng dẫn sử dụng (bản tiếngViệt).

שמור ב:
מידע ביבליוגרפי
מחבר ראשי: Không rõ
פורמט: ספר
שפה:Vietnamese
יצא לאור: REALGAIN 2007
תגים: הוספת תג
אין תגיות, היה/י הראשונ/ה לתייג את הרשומה!
Thư viện lưu trữ: Mạng thư viện Đại học Đà Nẵng
LEADER 00614nam a2200265 4500
001 000027127
003 CE2
005 20150406120000.0
008 150406s vm 000 vie
020 |c 0,0000 
040 |a notts 
100 |a Không rõ 
245 |a CEM Tool : Hướng dẫn sử dụng (bản tiếngViệt). 
260 |b REALGAIN  |c 2007 
OWN |a LTT 
999 |a From the UDN01 
TYP |a Monograph 
TYP |a Printed language 
980 |a Mạng thư viện Đại học Đà Nẵng